00379nam a2200145 a 450000500170000000800410001702000180005805000260007610000220010224500140012426000490013830000080018744000260019565000120022120140412111311.0010206s19uu xx 00 eng d a0-673-19618-6 aTR(PS 420.7bP37 1996 aClaire, Elizabeth aParade 5. aGlenview, Illinois :bScott Foresman,c1996. a 91 aScott foresman Parade aReading